000 00482nam a2200181Ia 4500
008 240925s9999 xx 000 0 und d
020 _a3211821104
082 _a621.38152 JAC
100 _aJacoboni , C
245 4 _aThe Monte Carlo Method for Semiconductor Device Simulation
250 _aNA
260 _aNew York:
_bSpringer
_c,1989.
300 _axxiv,770p.
_bNA
_fPirated
500 _aIncludes Index
600 _aPower Engineering
650 _aTechnology
942 _cBK
999 _c4192
_d4192